000 00779nam a2200181Ia 4500
008 100921s9999 xx 000 0 und d
082 _b5152
_a914 थ 72
100 _aबोरकर लक्ष्मीदास.
245 _aनिंबोणीच्या झाडाखाली (जर्मनी ).
260 _bआराधना प्रकाशन,मुंबई.
_c1972
300 _a112
_b---
365 _b5
520 _aप्रवासवर्णन-युरोप.
630 _aनिंबोणीच्या झाडाखाली (जर्मनी ).
650 _aप्रवासवर्णन-युरोप.
730 _aनिंबोणीच्या झाडाखाली (जर्मनी ).
942 _cBOOK
999 _c754265
_d754262